Bienvenue à la Médiathèque de Saint-Andiol
banniere
Accueil Recherche avancée Mon compte
handi1 Rechercher dans le catalogue

Filtre   Mots-clés
  Recherche avancée
 
Lister les dernières nouveautés
 
Lister les livres GROS CARACTERES
 
Lister les périodiques (magazines)

handi1 Attention tornade

Book Cover
Auteur principal : William Maury
Autres auteurs : Christophe Cazenove
Titre : Attention tornade
Support : Livres
Langue : Francais
Publié : DL 2017 Bamboo édition Charnay-lès-Mâcon
Series : Les sisters
Genre : Bande Dessinée (enfants)
Collection : Les sisters
Sujets :
Étiquettes :
Pas de tags
LEADER 01192nam0a2200229 450
001 16868376
010 |a 978-2-8189-4350-2  |b rel.  |d 11,95 € 
100 |a 20260529d2026 u u0frey01 ba 
101 0 |a fre 
102 |a FR 
200 0 |a Attention tornade  |f dessins & couleurs, William  |g scénario, Cazenove & William 
207 1 |a   
210 |a Charnay-lès-Mâcon  |c Bamboo édition  |d DL 2017 
215 |a 1 vol. (46 p.)  |c ill. en coul.  |d 30 cm 
225 1 |a Les sisters  |v 12 
330 |a Cette année, les Sisters sont allées aux States et Wendy a tellement de choses à raconter à ses amies que l'année scolaire sera certainement trop courte ! Marine aussi à des choses à raconter, mais curieusement les souvenirs ne sont pas les mêmes (elles ont bien fait le même voyage, pourtant ...) En tout cas, Wendy est sûre d'une chose : avec Marine, c'est plus qu'un voyage ! C'est une aventure ! 
461 0 |t Les sisters  |v 12 
700 0 |a Maury  |b William  |f 1969-....  |4 440 
702 0 |a Cazenove  |b Christophe  |c scénariste BD  |f 1969-....  |4 70 
900 |a Bande Dessinée (enfants) 
901 |a Jeunesse 
995 |a Médiathèque  |c Médiathèque  |f 089021936  |h 089021936  |k BD SIS  |o p  |q j  |r az  |e Médiathèque